Historic places (Record no. 30820)

MARC details
000 -LEADER
fixed length control field 00476nam a2200169Ia 4500
020 ## - INTERNATIONAL STANDARD BOOK NUMBER
ISBN 0895775069
050 ## - CALL MARK
Classification number E 159 .H7138/
245 #0 - TITLE STATEMENT
Title Historic places
260 ## - PUBLICATION, DISTRIBUTION, ETC. (IMPRINT)
Place of publication Pleasantville
260 ## - PUBLICATION, DISTRIBUTION, ETC. (IMPRINT)
Name of publisher Reader's Digest Association
260 ## - PUBLICATION, DISTRIBUTION, ETC. (IMPRINT)
Year of publication c1993
300 ## - PHYSICAL DESCRIPTION
Number of Pages 144 p
650 ## - SUBJECT ADDED ENTRY--TOPICAL TERM
Topical Term Historic sites_United States_Guidebooks. United States_History, Local. United States_Guidebooks.
942 ## - ADDED ENTRY ELEMENTS (KOHA)
Koha item type Books
Holdings
Withdrawn status Lost status Source of classification or shelving scheme Damaged status Not for loan Permanent Location Current Location Date acquired Accession Number Price effective from Koha item type
    Library of Congress Classification     NILE UNIVERSITY OF NIGERIA - MAIN LIBRARY NILE UNIVERSITY OF NIGERIA - MAIN LIBRARY 04/23/2025 0008104 04/23/2025 Books